MARC

LEADER 00000nam0a2200000 4500
001 262838
005 20231101233705.0
010 |a 5120001785 
035 |a (RuTPU)RU\TPU\book\285821 
035 |a RU\TPU\book\285818 
090 |a 262838 
100 |a 20140604d1988 k y0rusy50 ca 
101 0 |a rus 
102 |a UA 
105 |a a z 001zy 
200 1 |a Железисто-кремнистые формации докембрия европейской части СССР. Типы формаций  |f Академия наук Украинской ССР (АН УССР), Институт геохимии и физики минералов ; гл. ред. Я. Н. Белевцев ; отв. ред. Н. А. Плаксенко , М. А. Ярощук 
210 |a Киев  |c Наукова думка  |d 1988 
215 |a 192 с.  |c ил. 
320 |a Библиогр.: с. 181-187. 
606 1 |a Железные руды  |x Геология  |2 stltpush  |3 (RuTPU)RU\TPU\subj\10478  |9 37546 
610 1 |a железисто-кремнистые формации 
610 1 |a докембрий 
610 1 |a СССР 
610 1 |a Европейская часть 
610 1 |a формации 
610 1 |a типы 
610 1 |a железонакопление 
610 1 |a эволюция 
610 1 |a геологическое строение 
610 1 |a вещественный состав 
610 1 |a образование 
610 1 |a распространение 
675 |a 553.31  |v 3 
702 1 |a Белевцев  |b Я. Н.  |g Яков Николаевич  |4 651 
702 1 |a Плаксенко  |b Н. А.  |g Николай Алексеевич  |4 340 
702 1 |a Ярощук  |b М. А.  |g Марина Алексеевна  |4 340 
712 0 2 |a Академия наук Украинской ССР (АН УССР)  |b Институт геохимии и физики минералов  |2 stltpush  |3 (RuTPU)RU\TPU\col\13747 
801 1 |a RU  |b 63413507  |c 20140604 
801 2 |a RU  |b 63413507  |c 20150518  |g RCR 
942 |c BK